DTÖ ve AB'deki gelişmeler ışığında 21. yüzyılda Türkiye tarımı (Record no. 7431)

MARC details
000 -BAŞLIK
Sabit Uzunlukta Kontrol Alanı 00767na a2200253 4500
001 - KONTROL NUMARASI
Denetim Alanı 17413
003 - KONTROL NUMARASI IDENTIFIER
Denetim Alanı MIRAKIL
005 - SON İŞLEM TARİHİ VE ZAMANI
Denetim Alanı 20181213155138.0
008 - SABİT-BOY VERİ ELEMANLARI - GENEL BİLGİLER
Sabit Uzunlukta Kontrol Alanı 161024b tu 000 0
020 ## - ULUSLARARASI STANDART KİTAP NUMARASI
Uluslararası Standart Kitap Numarası 9758458825
035 ## - SİSTEM KONTROL NUMARASI
Sistem Kontrol Numarası 17413
040 ## - KATALOGLAMA KAYNAK
Orijinal Kataloglama Ajansı Milas
Kataloglama Dili tur
Metne Dönüştürmek Ajansı TR-AnCHP
041 ## - DİL KODU
Metin / Ses Parça Veya Ayrı Başlığın Dil Kodu tur
082 ## - DEWEY ONLU SINIFLANDIRMA NUMARASI
Sınıflandırma Numarası 338.1
Ürün Numarası D77 2005
090 ## - SINIFLAMA NUMARASI
Sınıflama Numarası 338.1 D77 2005
245 ## - BAŞLIK TABLOSU
Başlık DTÖ ve AB'deki gelişmeler ışığında 21. yüzyılda Türkiye tarımı
Sorumluluk Tablosu, Vb Türk Sanayicileri ve İşadamları Derneği (TÜSİAD)
260 ## - YAYIN, DAĞITIM, VB
Yayın, Dağıtım, Vb Yeri İstanbul
Yayıncı, Dağıtıcı, Vs Adı TÜSİAD
Yayın, Dağıtım, Vb Tarihi 2005
300 ## - FİZİKSEL TANIM
Kapsam 175 s.
Diğer Fiziksel Ayrıntıları tbl.; grf.
Boyutlar 30 sm.
490 ## - SERİSİ TABLOSU
Seri Beyanı TÜSİAD-T
Hacim / Ardışık Tanımı 2005-06/397
650 ## - KONU KATMA GİRİŞ - TOPİKAL DÖNEM
Topikal Süreli Veya Coğrafi Ad Giriş Elemanı Tarım
Genel Alt Bölümü AB politikaları
Kronolojik Alt Bölümü Toplantılar
651 ## - KONU KATMA GİRİŞ - COĞRAFİ ADI
Coğrafi İsim Türkiye
Genel Alt Bölümü Tarım
Kronolojik Alt Bölümü Toplantılar
740 ## - KATMA GİRİŞ - KONTROLSUZ İLGİLİ / ANALİTİK BAŞLIK
Kontrol Edilmeyen / İlgili Analitik Başlıktaki TÜSİAD
942 ## - EKLENDİ GİRİŞ ELEMANLARI (KOHA)
Sınıflandırma Veya Raf Düzeni Kaynak
Koha Öğesi Türü Books
999 ## - SİSTEM KONTROL NUMARALARI (KOHA)
Koha Biblionumber 7431
Koha Biblioitemnumber 7431
Holdings
Kalıcı Konum Mevcut Konum Edinme Tarihi Edinim Kaynak Toplam Check-Out'Lar Tam Çağrı Numarası Barkod Tarih Son Görülme İtibaren Geçerli Fiyatlar Koha Öğesi Türü
CHP Kütüphanesi CHP Kütüphanesi 10/24/2016 Bağış   338.1 D77 2005 005895 10/24/2016 10/24/2016 Books